Memòria 95 / Consorci del Patrimoni de Sitges
Descripción Física:
44 p. : amb gràf. ; 30 cm
MARC
| LEADER | 00000nam a2200000Ia 4500 | ||
|---|---|---|---|
| 001 | 11195 | ||
| 008 | 160829s1996] xx 000 0 cat d | ||
| 080 | |a FU-18-22 | ||
| 110 | 2 | |a Consorci del Patrimoni de Sitges |9 56183 | |
| 245 | |a Memòria 95 / Consorci del Patrimoni de Sitges | ||
| 260 | |a Sitges : |b [el Consorci, |c 1996] | ||
| 300 | |a 44 p. : |b amb gràf. ; |c 30 cm | ||
| 590 | |a A la coberta: Museu Cau Ferrat, Museu Maricel, Museu Romàntic, Palau Maricel | ||
| 650 | |a Consorci del Patrimoni de Sitges |x Memòries |9 20463 | ||
| 901 | |a Arxiu | ||
| 942 | |n 1 | ||
| 952 | |0 0 |1 0 |4 0 |6 FU1822 |7 1 |9 41550 |a Arxiu |b Arxiu |d 2016-12-01 |l 0 |o FU-18-22 |p 11195 |r 2016-12-01 00:00:00 |w 2016-12-01 |y ARXIU | ||
| 999 | |c 43440 |d 43440 | ||